[Event "Talent CUP"]
[Site "?"]
[Date "2016.12.18"]
[Round "9.1"]
[White "Matus, Filip"]
[Black "Gnojek, Petr"]
[Result "1/2-1/2"]
[BlackElo "1752"]
[WhiteElo "1655"]
[LiveChessVersion "1.4.8"]

1. e4 c5 {[%clk 1:00:54]} 2. Nf3 {[%clk 1:01:24]} e6 {[%clk 1:01:18]} 3. d4
{[%clk 1:01:47]} cxd4 {[%clk 1:01:43]} 4. Nxd4 {[%clk 1:02:09]} Nf6
{[%clk 1:02:03]} 5. Bd3 {[%clk 1:01:42]} Be7 {[%clk 1:01:58]} 6. O-O
{[%clk 1:01:22]} d6 {[%clk 1:02:20]} 7. Nc3 {[%clk 1:01:08]} O-O {[%clk 1:02:30]}
8. Be3 {[%clk 0:59:31]} Nc6 {[%clk 1:02:03]} 9. Qe2 {[%clk 0:55:16]} e5
{[%clk 0:58:32]} 10. Nb3 {[%clk 0:53:21]} Be6 {[%clk 0:56:29]} 11. f3
{[%clk 0:49:56]} Nb4 {[%clk 0:55:32]} 12. Rfd1 {[%clk 0:47:53]} Nxd3
{[%clk 0:53:32]} 13. Qxd3 {[%clk 0:46:07]} a6 {[%clk 0:53:19]} 14. Rac1
{[%clk 0:43:25]} Rc8 {[%clk 0:51:39]} 15. Qe2 {[%clk 0:35:53]} Qc7
{[%clk 0:51:02]} 16. Qf2 {[%clk 0:34:46]} b5 {[%clk 0:50:02]} 17. a3
{[%clk 0:32:57]} Nd7 {[%clk 0:48:32]} 18. Nd5 {[%clk 0:32:06]} Bxd5
{[%clk 0:48:55]} 19. Rxd5 {[%clk 0:32:14]} f5 {[%clk 0:49:10]} 20. exf5
{[%clk 0:27:23]} Rxf5 {[%clk 0:49:17]} 21. Qe2 {[%clk 0:24:50]} Rcf8
{[%clk 0:47:44]} 22. Rdd1 {[%clk 0:24:12]} Nb6 {[%clk 0:46:23]} 23. Bxb6
{[%clk 0:19:01]} Qxb6+ {[%clk 0:46:40]} 24. Qf2 {[%clk 0:19:19]} Qc7
{[%clk 0:43:13]} 25. Qe2 {[%clk 0:18:43]} Bg5 {[%clk 0:41:19]} 26. Rb1
{[%clk 0:18:36]} Rc8 {[%clk 0:38:38]} 27. c3 {[%clk 0:17:45]} Qa7+
{[%clk 0:38:25]} 28. Kh1 {[%clk 0:17:51]} Qf7 {[%clk 0:38:03]} 29. Nd2
{[%clk 0:16:42]} Be7 {[%clk 0:34:04]} 30. Ne4 {[%clk 0:15:46]} d5
{[%clk 0:31:22]} 31. Ng3 {[%clk 0:15:48]} Rg5 {[%clk 0:31:21]} 32. Nf1
{[%clk 0:14:29]} Rc4 {[%clk 0:30:31]} 33. Qd3 {[%clk 0:13:59]} e4
{[%clk 0:28:31]} 34. fxe4 {[%clk 0:14:04]} Rxe4 {[%clk 0:27:21]} 35. Ng3
{[%clk 0:13:49]} Rf4 {[%clk 0:23:02]} 36. b4 {[%clk 0:09:54]} h5 {[%clk 0:21:28]}
37. Rf1 {[%clk 0:06:16]} h4 {[%clk 0:20:12]} 38. Rxf4 {[%clk 0:05:22]} Qxf4
{[%clk 0:20:35]} 39. Ne2 {[%clk 0:05:00]} Qe5 {[%clk 0:16:52]} 40. Nd4
{[%clk 0:04:10]} Qd6 {[%clk 0:12:33]} 41. Nf3 {[%clk 0:04:20]} Rg4 42. Re1
{[%clk 0:03:55]} Bf6 {[%clk 0:08:00]} 43. Qf5 {[%clk 0:02:59]} Rc4
{[%clk 0:04:43]} 44. Qh5 {[%clk 0:03:09]} Rc8 {[%clk 0:03:18]} 45. Ng5
{[%clk 0:02:18]} Bxg5 {[%clk 0:03:08]} 46. Qxg5 Rxc3 {[%clk 0:02:58]} 47. Qh5
{[%clk 0:02:32]} Rc8 {[%clk 0:03:16]} 48. Qxh4 {[%clk 0:02:42]} Rf8
{[%clk 0:03:24]} 49. Rd1 {[%clk 0:02:40]} d4 {[%clk 0:03:36]} 1/2-1/2

[Event "Talent CUP"]
[Site "?"]
[Date "2016.12.18"]
[Round "9.4"]
[White "Chlebek, Jan"]
[Black "Laurincova, Kristyna"]
[Result "0-1"]
[BlackElo "1682"]
[WhiteElo "1882"]
[LiveChessVersion "1.4.8"]

1. a3 {[%clk 1:00:59]} g6 {[%clk 0:58:21]} 2. e4 {[%clk 1:01:07]} Bg7
{[%clk 0:58:17]} 3. d4 {[%clk 1:01:36]} Nc6 {[%clk 0:56:38]} 4. Be3
{[%clk 0:56:39]} Nf6 {[%clk 0:55:59]} 5. Nc3 {[%clk 0:55:44]} d6 {[%clk 0:54:28]}
6. Be2 {[%clk 0:56:02]} O-O {[%clk 0:53:32]} 7. f4 {[%clk 0:55:46]} e5
{[%clk 0:49:46]} 8. fxe5 {[%clk 0:55:47]} dxe5 {[%clk 0:49:48]} 9. d5
{[%clk 0:56:02]} Ne7 {[%clk 0:47:36]} 10. Nf3 {[%clk 0:55:34]} Ne8
{[%clk 0:39:11]} 11. Bc4 {[%clk 0:50:47]} Nd6 {[%clk 0:38:45]} 12. Ba2
{[%clk 0:50:30]} Bg4 {[%clk 0:34:08]} 13. Rf1 {[%clk 0:43:37]} f5
{[%clk 0:31:41]} 14. Bg5 {[%clk 0:40:23]} Kh8 {[%clk 0:30:16]} 15. h3
{[%clk 0:33:04]} Bxf3 {[%clk 0:24:42]} 16. gxf3 {[%clk 0:33:16]} fxe4
{[%clk 0:24:46]} 17. fxe4 {[%clk 0:33:45]} Rxf1+ {[%clk 0:24:26]} 18. Kxf1
{[%clk 0:34:15]} Qf8+ {[%clk 0:24:15]} 19. Ke2 {[%clk 0:33:58]} Qf7
{[%clk 0:18:08]} 20. Qg1 {[%clk 0:34:27]} Nec8 {[%clk 0:14:48]} 21. Rf1
{[%clk 0:32:31]} Qd7 {[%clk 0:15:01]} 22. Qh2 {[%clk 0:29:35]} Nb6
{[%clk 0:13:50]} 23. Kd3 {[%clk 0:26:06]} Re8 {[%clk 0:12:36]} 24. b3
{[%clk 0:19:33]} c6 {[%clk 0:08:27]} 25. dxc6 {[%clk 0:13:52]} Qxc6
{[%clk 0:08:24]} 26. h4 {[%clk 0:10:44]} Rc8 {[%clk 0:07:28]} 27. Qd2
{[%clk 0:10:28]} Qd7 {[%clk 0:04:23]} 28. Nd5 {[%clk 0:06:36]} Nxd5
{[%clk 0:04:30]} 29. exd5 Qh3+ {[%clk 0:04:11]} 30. Ke2 {[%clk 0:07:00]} Qg2+
{[%clk 0:04:21]} 31. Ke1 {[%clk 0:05:37]} Rxc2 {[%clk 0:03:45]} 32. Qxg2
{[%clk 0:06:05]} Rxg2 {[%clk 0:04:14]} 33. Rf2 {[%clk 0:05:33]} Rxf2
{[%clk 0:04:10]} 34. Kxf2 {[%clk 0:06:02]} Ne4+ {[%clk 0:04:13]} 35. Kf3
{[%clk 0:04:58]} Nxg5+ {[%clk 0:04:19]} 36. hxg5 {[%clk 0:05:27]} Bf8
{[%clk 0:04:37]} 37. Ke4 {[%clk 0:04:43]} Bd6 {[%clk 0:04:30]} 38. Bb1
{[%clk 0:04:20]} Kg7 {[%clk 0:03:58]} 39. Bd3 {[%clk 0:04:23]} a6
{[%clk 0:02:45]} 40. Be2 {[%clk 0:04:16]} h6 {[%clk 0:01:29]} 41. gxh6+
{[%clk 0:04:21]} Kxh6 {[%clk 0:01:45]} 42. Bg4 {[%clk 0:04:48]} b6
{[%clk 0:01:12]} 43. b4 {[%clk 0:02:09]} a5 {[%clk 0:01:15]} 44. bxa5
{[%clk 0:02:24]} bxa5 {[%clk 0:01:42]} 45. a4 {[%clk 0:02:53]} Kg5
{[%clk 0:01:46]} 46. Be6 {[%clk 0:03:02]} Kh4 {[%clk 0:01:53]} 47. Bd7
{[%clk 0:02:32]} Kg3 48. Be8 {[%clk 0:02:29]} g5 {[%clk 0:01:58]} 49. Kf5
{[%clk 0:02:47]} Kh4 {[%clk 0:00:52]} 50. Bb5 {[%clk 0:02:49]} g4
{[%clk 0:01:04]} 51. Be2 {[%clk 0:03:18]} g3 {[%clk 0:01:25]} 52. Bf1
{[%clk 0:03:44]} Bb8 {[%clk 0:01:14]} 53. Bg2 {[%clk 0:03:49]} Bc7
{[%clk 0:01:19]} 54. Bf1 {[%clk 0:02:47]} Kh5 {[%clk 0:01:25]} 55. Be2+
{[%clk 0:03:08]} Kh6 {[%clk 0:01:28]} 56. Bf1 {[%clk 0:03:36]} Kh5
{[%clk 0:01:11]} 57. Be2+ {[%clk 0:02:56]} Kh6 {[%clk 0:01:37]} 58. Bf1
{[%clk 0:03:21]} Kg7 {[%clk 0:01:47]} 59. Bg2 {[%clk 0:03:36]} Kf7
{[%clk 0:02:07]} 60. Bf1 {[%clk 0:03:07]} Ke7 {[%clk 0:02:26]} 61. Kg4
{[%clk 0:03:24]} Kd6 {[%clk 0:02:21]} 62. Kxg3 {[%clk 0:03:51]} Kxd5
{[%clk 0:02:40]} 63. Kf2 {[%clk 0:04:10]} e4 {[%clk 0:02:15]} 64. Ke3
{[%clk 0:04:17]} Bb6+ {[%clk 0:02:39]} 65. Ke2 {[%clk 0:04:36]} Kc4
{[%clk 0:02:25]} 66. Kd1+ {[%clk 0:04:48]} Kc3 {[%clk 0:02:40]} 67. Kc1
{[%clk 0:05:12]} Be3+ {[%clk 0:02:41]} 68. Kb1 {[%clk 0:05:31]} Bd2
{[%clk 0:02:30]} 69. Ka2 {[%clk 0:05:40]} Kc2 {[%clk 0:02:42]} 70. Bg2
{[%clk 0:06:03]} e3 {[%clk 0:02:54]} 71. Bf3 {[%clk 0:06:27]} Kd3
{[%clk 0:03:08]} 72. Bc6 {[%clk 0:06:40]} e2 {[%clk 0:03:06]} 73. Bb5+
{[%clk 0:07:09]} Ke3 {[%clk 0:03:30]} 74. Bxe2 {[%clk 0:07:35]} Kxe2
{[%clk 0:03:55]} 75. Kb3 {[%clk 0:07:58]} Kd3 {[%clk 0:04:17]} 76. Kb2
{[%clk 0:08:23]} Kc4 {[%clk 0:04:32]} 77. Kc2 {[%clk 0:08:44]} Bc3
{[%clk 0:04:44]} 78. Kb1 {[%clk 0:09:05]} Kb3 {[%clk 0:05:07]} 79. Kc1
{[%clk 0:09:32]} Kxa4 {[%clk 0:04:43]} 80. Kc2 {[%clk 0:10:00]} Kb4
{[%clk 0:05:04]} 81. Kb1 {[%clk 0:10:27]} Kb3 {[%clk 0:05:29]} 82. Kc1
{[%clk 0:10:52]} a4 {[%clk 0:05:44]} 83. Kd1 {[%clk 0:11:16]} Kb2
{[%clk 0:06:01]} 84. Ke2 {[%clk 0:11:43]} a3 {[%clk 0:06:26]} 85. Kd3
{[%clk 0:12:08]} a2 {[%clk 0:06:49]} 86. Ke4 {[%clk 0:12:36]} a1=Q
{[%clk 0:07:08]} 87. Kd5 {[%clk 0:12:59]} Qa4 {[%clk 0:07:21]} 88. Ke6
{[%clk 0:13:26]} Qe4+ {[%clk 0:07:40]} 89. Kd6 {[%clk 0:13:52]} Qe5+
{[%clk 0:08:04]} 90. Kc6 {[%clk 0:14:19]} Ba5 {[%clk 0:08:24]} 91. Kd7
{[%clk 0:14:46]} Qf6 {[%clk 0:08:39]} 92. Ke8 {[%clk 0:15:08]} Kb3
{[%clk 0:07:19]} 93. Kd7 {[%clk 0:15:32]} Kc4 {[%clk 0:07:43]} 94. Ke8
{[%clk 0:16:01]} Kd5 {[%clk 0:07:54]} 95. Kd7 {[%clk 0:16:28]} Qf7+
{[%clk 0:08:07]} 0-1

[Event "Talent CUP"]
[Site "?"]
[Date "2016.12.18"]
[Round "9.6"]
[White "Frank, Adam"]
[Black "Habinova, Alice"]
[Result "1-0"]
[BlackElo "1272"]
[WhiteElo "1738"]
[LiveChessVersion "1.4.8"]

1. e4 {[%clk 0:45:58]} e5 {[%clk 0:45:54]} 2. Nf3 {[%clk 0:46:25]} Nc6
{[%clk 0:46:16]} 3. Bb5 {[%clk 0:46:50]} a6 {[%clk 0:46:28]} 4. Ba4
{[%clk 0:47:15]} Nf6 {[%clk 0:46:46]} 5. O-O {[%clk 0:47:41]} Be7
{[%clk 0:46:54]} 6. Re1 {[%clk 0:48:07]} b5 {[%clk 0:47:18]} 7. Bb3
{[%clk 0:48:33]} O-O {[%clk 0:47:34]} 8. c3 {[%clk 0:48:57]} d5 {[%clk 0:47:58]}
9. exd5 {[%clk 0:48:05]} Nxd5 {[%clk 0:48:16]} 10. d4 {[%clk 0:45:18]} exd4
{[%clk 0:46:30]} 11. Nxd4 {[%clk 0:44:57]} Nxd4 {[%clk 0:45:51]} 12. Qxd4
{[%clk 0:44:18]} Be6 {[%clk 0:44:25]} 13. Bf4 {[%clk 0:38:50]} Qd7
{[%clk 0:39:09]} 14. Nd2 {[%clk 0:32:22]} Rad8 {[%clk 0:36:13]} 15. Nf3
{[%clk 0:28:33]} Bf6 {[%clk 0:33:19]} 16. Be5 {[%clk 0:26:29]} Qe7
{[%clk 0:27:28]} 17. Bxf6 {[%clk 0:24:50]} Nxf6 {[%clk 0:27:31]} 18. Qe5
{[%clk 0:24:35]} Rfe8 {[%clk 0:24:58]} 19. Nd4 {[%clk 0:24:26]} Rd6
{[%clk 0:23:37]} 20. Bxe6 {[%clk 0:24:05]} fxe6 {[%clk 0:23:15]} 21. Nf5
{[%clk 0:24:00]} Qd7 {[%clk 0:20:26]} 22. Nxd6 {[%clk 0:24:18]} cxd6
{[%clk 0:20:47]} 23. Qg3 {[%clk 0:23:53]} Rf8 {[%clk 0:20:10]} 24. Rad1
{[%clk 0:23:16]} e5 {[%clk 0:19:59]} 25. Rxe5 {[%clk 0:19:54]} Ng4
{[%clk 0:18:24]} 26. Re2 {[%clk 0:19:53]} Qf5 {[%clk 0:17:14]} 27. h3
{[%clk 0:18:49]} 1-0

[Event "Talent CUP"]
[Site "?"]
[Date "2016.12.18"]
[Round "9.7"]
[White "Babula, Vlastimil"]
[Black "Armula, Karol"]
[Result "1/2-1/2"]
[BlackElo "1375"]
[WhiteElo "1419"]
[LiveChessVersion "1.4.8"]

1. e4 c5 2. Nf3 d6 3. d4 cxd4 4. Nxd4 Nf6 5. Nc3 g6 6. Bc4 Bg7 7. Be3 O-O 8. Qe2
Nc6 9. O-O-O Bd7 10. Bb3 a6 11. f3 Qc7 12. g4 Rac8 13. h4 h5 14. gxh5 Nxh5 15.
Rhg1 Na5 16. f4 Nxb3+ 17. axb3 e6 18. Rg5 b5 19. b4 Qc4 20. Qg2 Qxb4 21. Rxh5
Rxc3 22. bxc3 Qxc3 23. Rd3 Qe1+ 24. Kb2 Qb4+ 25. Kc1 Qe1+ 26. Kb2 Qb4+ 27. Kc1
Qe1+ 28. Kb2 1/2-1/2

[Event "Talent CUP"]
[Site "?"]
[Date "2016.12.18"]
[Round "9.8"]
[White "Subjakova, Kristina"]
[Black "Faja, Vilem"]
[Result "1/2-1/2"]
[BlackElo "1477"]
[WhiteElo "1472"]
[LiveChessVersion "1.4.8"]

1. e4 {[%clk 0:45:59]} c5 {[%clk 0:45:57]} 2. Nf3 {[%clk 0:46:23]} d6
{[%clk 0:46:21]} 3. d4 {[%clk 0:46:50]} cxd4 {[%clk 0:46:47]} 4. Nxd4
{[%clk 0:47:17]} Nf6 {[%clk 0:47:09]} 5. Nc3 {[%clk 0:47:42]} a6 {[%clk 0:47:24]}
6. f3 {[%clk 0:48:02]} e6 {[%clk 0:47:47]} 7. Be3 {[%clk 0:48:24]} b5
{[%clk 0:48:09]} 8. Be2 {[%clk 0:47:56]} Bb7 {[%clk 0:48:34]} 9. Qd2
{[%clk 0:48:00]} Be7 {[%clk 0:48:54]} 10. a3 {[%clk 0:48:25]} Nbd7
{[%clk 0:49:19]} 11. O-O {[%clk 0:47:19]} O-O {[%clk 0:49:42]} 12. b4
{[%clk 0:47:10]} Qc7 {[%clk 0:50:00]} 13. Na2 {[%clk 0:47:23]} d5
{[%clk 0:50:17]} 14. exd5 {[%clk 0:46:35]} Nxd5 {[%clk 0:50:42]} 15. Bf2
{[%clk 0:44:25]} Bd6 {[%clk 0:49:59]} 16. g3 {[%clk 0:43:21]} Rac8
{[%clk 0:49:32]} 17. Rac1 {[%clk 0:42:13]} Ne5 {[%clk 0:48:34]} 18. f4
{[%clk 0:38:41]} Nc4 {[%clk 0:48:42]} 19. Bxc4 {[%clk 0:38:32]} Qxc4
{[%clk 0:49:03]} 20. c3 {[%clk 0:36:58]} Rfd8 {[%clk 0:47:55]} 21. Qe2
{[%clk 0:35:06]} Nb6 {[%clk 0:46:41]} 22. Qxc4 {[%clk 0:35:02]} Nxc4
{[%clk 0:46:47]} 23. Rcd1 {[%clk 0:33:03]} Nxa3 {[%clk 0:46:26]} 24. Ne2
{[%clk 0:31:24]} Nc4 {[%clk 0:46:01]} 25. Bd4 {[%clk 0:31:01]} e5
{[%clk 0:42:40]} 26. fxe5 {[%clk 0:31:13]} Bxe5 {[%clk 0:42:50]} 27. Bxe5
{[%clk 0:30:45]} Nxe5 {[%clk 0:41:42]} 28. Rxd8+ {[%clk 0:30:48]} Rxd8
{[%clk 0:42:03]} 29. Nd4 {[%clk 0:30:54]} Rc8 {[%clk 0:41:27]} 30. Nf5
{[%clk 0:30:10]} Kf8 {[%clk 0:40:19]} 31. Nd6 {[%clk 0:29:37]} Rc7
{[%clk 0:40:41]} 32. Nxb7 {[%clk 0:29:39]} Rxb7 33. Nc1 {[%clk 0:29:45]} Rc7
{[%clk 0:40:43]} 34. Ne2 {[%clk 0:27:51]} Nd7 {[%clk 0:39:33]} 35. Ra1
{[%clk 0:26:30]} Ra7 {[%clk 0:38:02]} 36. Kf2 {[%clk 0:26:15]} Ke7
{[%clk 0:37:51]} 37. Ke3 {[%clk 0:26:15]} Nb6 {[%clk 0:37:20]} 38. Nd4
{[%clk 0:23:39]} Nc4+ {[%clk 0:37:11]} 39. Kf4 {[%clk 0:23:15]} Kf6
{[%clk 0:36:50]} 40. Nxb5 {[%clk 0:22:01]} Ke5+ 41. Ke4+ 1/2-1/2

[Event "Talent CUP"]
[Site "?"]
[Date "2016.12.18"]
[Round "9.9"]
[White "Vecera, Dominik"]
[Black "Fizerova, Lucie"]
[Result "0-1"]
[BlackElo "1230"]
[WhiteElo "1382"]
[LiveChessVersion "1.4.8"]

1. e4 {[%clk 0:45:58]} c5 {[%clk 0:45:59]} 2. Nf3 {[%clk 0:46:22]} Nc6
{[%clk 0:46:25]} 3. d4 {[%clk 0:46:43]} cxd4 {[%clk 0:46:51]} 4. Nxd4
{[%clk 0:47:10]} Nf6 {[%clk 0:47:11]} 5. Nc3 {[%clk 0:47:35]} e5 {[%clk 0:47:35]}
6. Nf3 {[%clk 0:47:18]} Bb4 {[%clk 0:47:48]} 7. Bg5 {[%clk 0:45:40]} d6
{[%clk 0:47:18]} 8. Bb5 {[%clk 0:45:33]} h6 {[%clk 0:46:07]} 9. Bh4
{[%clk 0:45:05]} g5 {[%clk 0:46:22]} 10. Bg3 {[%clk 0:45:19]} Nxe4
{[%clk 0:46:26]} 11. Qd3 {[%clk 0:41:28]} Bf5 {[%clk 0:45:27]} 12. Qe3
{[%clk 0:34:39]} Qa5 {[%clk 0:44:39]} 13. Bxc6+ {[%clk 0:34:53]} bxc6
{[%clk 0:44:53]} 14. O-O {[%clk 0:34:01]} Bxc3 15. bxc3 {[%clk 0:34:14]} Qxc3
{[%clk 0:43:38]} 16. Qxc3 {[%clk 0:34:20]} Nxc3 {[%clk 0:43:59]} 17. Rfe1
{[%clk 0:34:27]} f6 {[%clk 0:43:30]} 18. Nd4 {[%clk 0:34:45]} Bd7
{[%clk 0:43:24]} 19. Nb3 {[%clk 0:34:38]} h5 {[%clk 0:43:14]} 20. f3
{[%clk 0:34:51]} f5 {[%clk 0:43:04]} 21. Bf2 {[%clk 0:35:11]} a6 {[%clk 0:42:10]}
22. Re3 {[%clk 0:34:21]} Nd5 {[%clk 0:42:18]} 23. Rd3 {[%clk 0:34:41]} Ke7
{[%clk 0:42:20]} 24. c4 {[%clk 0:34:44]} Nf6 {[%clk 0:42:27]} 25. Rad1
{[%clk 0:34:55]} d5 {[%clk 0:41:51]} 26. cxd5 {[%clk 0:35:06]} cxd5
{[%clk 0:42:15]} 27. Re1 {[%clk 0:35:06]} e4 {[%clk 0:42:23]} 28. fxe4
{[%clk 0:35:30]} dxe4 {[%clk 0:42:37]} 29. Bc5+ {[%clk 0:35:26]} Kf7
{[%clk 0:42:38]} 30. Rdd1 {[%clk 0:35:33]} Bb5 {[%clk 0:40:53]} 31. Bd4
{[%clk 0:34:24]} Rae8 {[%clk 0:40:31]} 32. Bxf6 {[%clk 0:34:41]} Kxf6
{[%clk 0:40:56]} 33. Re3 {[%clk 0:34:46]} f4 {[%clk 0:41:10]} 34. Rc3
{[%clk 0:34:57]} e3 {[%clk 0:41:03]} 35. Re1 {[%clk 0:35:02]} Rh7
{[%clk 0:40:55]} 36. g3 {[%clk 0:35:08]} Rhe7 {[%clk 0:40:40]} 37. Rc2
{[%clk 0:35:20]} f3 {[%clk 0:40:48]} 38. Kh1 {[%clk 0:34:44]} f2 {[%clk 0:41:05]}
39. Rec1 {[%clk 0:35:00]} e2 {[%clk 0:41:12]} 40. Kg2 {[%clk 0:34:51]} e1=Q
{[%clk 0:41:00]} 41. Rxf2+ {[%clk 0:35:14]} Qxf2+ {[%clk 0:41:25]} 42. Kxf2
{[%clk 0:35:35]} Re2+ {[%clk 0:41:49]} 43. Kg1 {[%clk 0:35:41]} Re1+
{[%clk 0:41:27]} 44. Rxe1 {[%clk 0:36:03]} Rxe1+ {[%clk 0:41:53]} 0-1

[Event "Talent CUP"]
[Site "?"]
[Date "2016.12.18"]
[Round "9.10"]
[White "Richter, Rudolf"]
[Black "Cerny, Michal"]
[Result "0-1"]
[BlackElo "1377"]
[WhiteElo "1173"]
[LiveChessVersion "1.4.8"]

1. Nf3 {[%clk 0:45:51]} Nf6 {[%clk 0:45:50]} 2. c4 {[%clk 0:46:00]} c6
{[%clk 0:45:51]} 3. Nc3 {[%clk 0:45:58]} e6 {[%clk 0:46:12]} 4. d4
{[%clk 0:46:03]} d5 {[%clk 0:46:32]} 5. e3 {[%clk 0:45:54]} Nbd7 {[%clk 0:46:02]}
6. b3 {[%clk 0:45:25]} Be7 {[%clk 0:45:52]} 7. Bb2 {[%clk 0:44:57]} O-O
{[%clk 0:46:05]} 8. Bd3 {[%clk 0:44:51]} Re8 {[%clk 0:45:29]} 9. O-O
{[%clk 0:44:21]} dxc4 {[%clk 0:44:58]} 10. bxc4 {[%clk 0:44:25]} c5
{[%clk 0:44:54]} 11. d5 {[%clk 0:43:23]} exd5 {[%clk 0:44:02]} 12. cxd5
{[%clk 0:43:18]} b6 {[%clk 0:42:54]} 13. Ne4 {[%clk 0:42:41]} Nxd5
{[%clk 0:40:10]} 14. Bc4 {[%clk 0:41:58]} N7f6 {[%clk 0:38:58]} 15. Nxf6+
{[%clk 0:41:36]} Nxf6 {[%clk 0:39:01]} 16. Ne5 {[%clk 0:41:24]} Be6
{[%clk 0:37:35]} 17. Bxe6 {[%clk 0:41:30]} fxe6 {[%clk 0:37:57]} 18. Nc6
{[%clk 0:39:40]} Qxd1 19. Nxe7+ {[%clk 0:39:21]} Rxe7 {[%clk 0:38:26]} 20. Rfxd1
{[%clk 0:39:08]} Rd7 {[%clk 0:37:55]} 21. Rxd7 {[%clk 0:39:00]} Nxd7
{[%clk 0:38:14]} 22. Rd1 {[%clk 0:39:25]} Nf6 {[%clk 0:38:32]} 23. Rd6
{[%clk 0:35:27]} Kf7 {[%clk 0:38:44]} 24. f3 {[%clk 0:34:32]} Ke7
{[%clk 0:38:20]} 25. Be5 {[%clk 0:34:37]} Rd8 {[%clk 0:36:57]} 26. Rc6
{[%clk 0:31:52]} Ne8 {[%clk 0:35:45]} 27. Bc7 {[%clk 0:28:08]} Rd1+
{[%clk 0:34:54]} 28. Kf2 {[%clk 0:28:25]} Kd7 0-1

[Event "Talent CUP"]
[Site "?"]
[Date "2016.12.18"]
[Round "9.11"]
[White "Kanak, Matyas"]
[Black "Vasinek, Martin"]
[Result "1/2-1/2"]
[BlackElo "1429"]
[WhiteElo "1249"]
[LiveChessVersion "1.4.8"]

1. e4 e5 2. Nf3 Nc6 3. d4 exd4 4. Nxd4 Bc5 5. Be3 Bb6 6. Nc3 Nf6 7. Bc4 O-O 8.
Bb3 Re8 9. Nxc6 bxc6 10. Bxb6 cxb6 11. f3 d5 12. Qd3 Bb7 13. O-O-O dxe4 14. Qxd8
Raxd8 15. Rxd8 Rxd8 16. fxe4 c5 17. Re1 Re8 18. e5 Nd7 19. e6 fxe6 20. Rxe6 Kf8
21. Rxe8+ Kxe8 1/2-1/2

[Event "Talent CUP"]
[Site "?"]
[Date "2016.12.18"]
[Round "9.12"]
[White "Fizer, Marek"]
[Black "Paseka, Matyas"]
[Result "0-1"]
[BlackElo "1250"]
[WhiteElo "1373"]
[LiveChessVersion "1.4.8"]

1. e4 {[%clk 0:45:57]} c5 {[%clk 0:45:52]} 2. b4 {[%clk 0:46:22]} cxb4
{[%clk 0:45:13]} 3. a3 {[%clk 0:46:46]} bxa3 {[%clk 0:43:27]} 4. d4
{[%clk 0:47:08]} e6 {[%clk 0:43:05]} 5. c3 {[%clk 0:47:17]} Nf6 {[%clk 0:43:18]}
6. Bd3 {[%clk 0:47:22]} Nc6 {[%clk 0:43:20]} 7. Nf3 {[%clk 0:46:37]} Be7
{[%clk 0:43:06]} 8. O-O {[%clk 0:46:38]} O-O {[%clk 0:43:14]} 9. Nxa3 d6
{[%clk 0:42:01]} 10. Re1 {[%clk 0:46:16]} Bd7 {[%clk 0:41:52]} 11. Rb1
{[%clk 0:45:33]} Qc7 {[%clk 0:41:53]} 12. Qc2 {[%clk 0:42:27]} h6
{[%clk 0:41:18]} 13. Nc4 {[%clk 0:30:04]} Kh8 {[%clk 0:36:30]} 14. Bf4
{[%clk 0:28:00]} Rac8 {[%clk 0:33:46]} 15. Qd2 {[%clk 0:27:45]} Ng8
{[%clk 0:31:34]} 16. Bc2 {[%clk 0:23:37]} a6 {[%clk 0:26:58]} 17. Qd3
{[%clk 0:23:44]} g6 {[%clk 0:27:09]} 18. e5 {[%clk 0:22:07]} d5 {[%clk 0:26:56]}
19. Nd6 {[%clk 0:22:15]} Bxd6 {[%clk 0:26:38]} 20. exd6 {[%clk 0:22:34]} Qb8
{[%clk 0:26:39]} 21. Qe3 {[%clk 0:21:24]} Kg7 {[%clk 0:25:31]} 22. Ne5
{[%clk 0:20:30]} Nxe5 {[%clk 0:23:39]} 23. Bxe5+ {[%clk 0:20:45]} Kh7
{[%clk 0:23:48]} 24. Qd2 {[%clk 0:19:43]} Rc6 {[%clk 0:20:56]} 25. Re3
{[%clk 0:19:51]} f6 {[%clk 0:20:17]} 26. Qd3 {[%clk 0:19:13]} Be8
{[%clk 0:17:00]} 27. Rg3 {[%clk 0:18:44]} fxe5 {[%clk 0:16:20]} 28. Rxg6
{[%clk 0:19:06]} e4 {[%clk 0:16:38]} 29. Qg3 {[%clk 0:18:54]} Bxg6
{[%clk 0:16:44]} 30. h4 {[%clk 0:12:05]} b5 {[%clk 0:15:42]} 31. Re1
{[%clk 0:12:05]} Qxd6 {[%clk 0:15:34]} 32. Qe3 {[%clk 0:08:10]} Rfc8
{[%clk 0:15:45]} 33. Qd2 {[%clk 0:08:10]} Rxc3 {[%clk 0:15:45]} 34. Bb1
{[%clk 0:06:53]} Kg7 35. Qe2 {[%clk 0:06:18]} Rc1 {[%clk 0:15:00]} 36. Ba2
{[%clk 0:06:18]} Rxe1+ {[%clk 0:15:18]} 37. Qxe1 {[%clk 0:06:43]} Qf4
{[%clk 0:15:21]} 38. Qe3 {[%clk 0:06:00]} Rc1+ {[%clk 0:15:21]} 39. Qxc1
{[%clk 0:06:24]} Qxc1+ {[%clk 0:15:41]} 40. Kh2 {[%clk 0:06:47]} Qf4+
{[%clk 0:15:54]} 41. Kh1 {[%clk 0:07:12]} Qxf2 {[%clk 0:15:57]} 42. Bb3
{[%clk 0:07:36]} Qxd4 {[%clk 0:16:12]} 43. Kh2 {[%clk 0:07:57]} e3
{[%clk 0:16:09]} 44. Kg3 {[%clk 0:08:15]} e2 {[%clk 0:16:23]} 45. Kh2
{[%clk 0:08:37]} e1=Q {[%clk 0:16:38]} 46. g3 {[%clk 0:08:53]} Qdf2+
{[%clk 0:16:53]} 47. Kh3 {[%clk 0:09:12]} Qxg3# {[%clk 0:17:16]} 0-1

[Event "Talent CUP"]
[Site "?"]
[Date "2016.12.18"]
[Round "9.13"]
[White "Simek, Viktor"]
[Black "Buchta, Bartolomej"]
[Result "1-0"]
[BlackElo "1119"]
[WhiteElo "1338"]
[LiveChessVersion "1.4.8"]

1. e4 e5 2. Nf3 Nc6 3. Bb5 Nf6 4. O-O Nxe4 5. d4 d6 6. dxe5 Bg4 7. h3 Bh5 8. exd6
Qxd6 9. Qxd6 Nxd6 10. Bxc6+ bxc6 11. Ne5 c5 12. Re1 Be7 13. Nc6 Kd7 14. Nxe7 Rhe8
15. Bg5 f6 16. Bh4 Rxe7 17. Rxe7+ Kxe7 18. Nd2 Rb8 19. b3 g5 20. Re1+ Kd7 21. Bg3
Bg6 22. c4 h5 23. f3 Nf5 24. Bf2 Nd4 25. Ne4 Bxe4 26. Rxe4 Re8 27. Rxe8 Kxe8 28.
Kf1 Kd7 29. Ke1 Kc6 30. Kd2 Kb6 31. Kd3 Nc6 32. Ke4 Ne7 33. b4 f5+ 34. Kd3 Ng6
35. Bxc5+ Kc6 36. Bxa7 Nf4+ 37. Ke3 Nxg2+ 38. Kf2 Nf4 39. b5+ Kb7 40. Be3 Nxh3+
41. Kg2 Nf4+ 42. Bxf4 gxf4 43. c5 Kc8 44. a4 Kb7 45. Kh3 Ka7 46. Kh4 Kb7 47. Kxh5
Ka7 48. Kg5 Kb7 49. Kxf5 Ka7 50. Kxf4 c6 51. b6+ Kb7 52. Ke5 Ka6 53. f4 Kb7 54.
f5 Ka6 55. f6 Kb7 56. f7 Ka6 57. f8=Q Kb7 58. Qe7+ Kc8 59. Qc7# 1-0

[Event "Talent CUP"]
[Site "?"]
[Date "2016.12.18"]
[Round "9.14"]
[White "Grot, Blazej"]
[Black "Zieba, Hubert"]
[Result "1-0"]
[BlackElo "1199"]
[WhiteElo "1279"]
[LiveChessVersion "1.4.8"]

1. e4 c5 2. Nf3 Nc6 3. d4 cxd4 4. Nxd4 g6 5. c4 Nf6 6. Nc3 Nxd4 7. Qxd4 d6 8. Bg5
Bg7 9. Nd5 O-O 10. Nxf6+ exf6 11. Bf4 f5 12. Qxd6 Qxd6 13. Bxd6 Rd8 14. e5 f6 15.
Be7 Re8 16. Bd6 fxe5 17. c5 Be6 18. Bb5 Rec8 19. O-O e4 20. Ba4 Bf8 21. Bxf8 Kxf8
22. b4 b6 23. c6 a6 24. b5 axb5 25. Bxb5 Rxa2 26. Rxa2 Bxa2 27. Rc1 Bd5 28. c7
Ke7 29. Ba6 Kd7 30. Bxc8+ Kxc8 31. Kf1 b5 32. Ke2 Bc4+ 33. Ke3 Kxc7 34. Kf4 Kd6
35. Kg5 Ke6 36. Kh6 Kf6 37. Kxh7 f4 38. g3 f3 39. Rc3 Kf5 40. Kh6 Kg4 41. h4 Kh3
42. Kxg6 Bd3 43. h5 Kg2 44. h6 Kxf2 45. h7 Ke2 46. h8=Q f2 47. Qh5+ Kd2 48. Rxd3+
exd3 49. Qf3 Ke1 50. Qe3+ Kf1 51. Qxd3+ Kg2 52. Qxb5 Kg1 53. g4 Kg2 54. g5 Kg1
55. Kf7 Kg2 56. g6 Kg1 57. g7 Kh2 58. Qf1 Kg3 59. g8=Q+ 1-0